000 01928nam a2200301 a 4500
003 MX-MxUPN
005 20240203063619.0
008 230216t2022 sp |||||rb||| 000 0 spa d
020 _a9788437624693
040 _aMX-MxUPN
_bspa
_cMX-MxUPN
041 0 _aspa
050 0 0 _aHQ1155
_bD48 2022
245 0 0 _aDescolonizando el feminismo :
_bteorías y prácticas desde los márgenes
250 _aSexta edición.
260 _aMadrid :
_bCátedra
260 _a[València] :
_bUniversitat de València,
_c©2022
300 _a469 páginas
490 0 _aFeminismos
504 _aIncluye referencias bibliográficas.
505 0 _tColonialismo, gobernabilidad y feminismos poscoloniales /Liliana Suárez Navaz --
_tFeminismos poscoloniales: reflexiones desde el sur del Río Bravo /
_rRosalva Aída Hernández Castillo --
_tBajo los ojos de occidente: feminismo académico y discursos coloniales /
_rChandra Talpade Mohanty --
_tTeoría feminista y el agente dócil: algunas reflexiones sobre el renacimiento islámico en Egipto /
_rSaba Mahmood --
_tCuestionando la teoría: género, poder e identidad en el contexto africano /
_rAmina Mama --
_tFeminismos islámicos: peligros y promesas /
_rNayereh Tohidi --
_tLa política de los derechos de las mujeres y la diversidad cultural en Uganda /
_rAili Mari Tripp --
_tMujeres indígenas americanas luchando por sus derechos /
_rTarcila Rivera --
_tLas hijas de Cuauhtémoc:fFeminismo chicano y prensa cultural 1968-1973 /
_rMaylei Blackwell --
_tDe vuelta a Bajo los ojos de Occidente : la solidaridad feminista a través de las luchas anticapitalistas /
_rChandra Talpade Mohanty.
650 4 _aFeminismo
_98967
650 4 _aMujeres
_xCondiciones sociales
_91584
700 1 _aSuárez Navaz, Liliana
_948162
_eeditora
700 1 _aHernández Castillo, Rosalva Aída
_948163
_eeditora
902 _aMarisolLicea/160223
_bVíctor Ruiz/080323
942 _2lcc
_cLIBRO
999 _c209169
_d209169